I Remember Everything - Zach Bryan (Lyrics) - Statistics

General Stats
  • This quiz has been taken 58 times
  • The average score is 246 of 332
Answer Stats
Answer % Correct
I
100%
every
91%
remember
91%
remember,
91%
Remember
91%
the
91%
The
91%
A
86%
a
86%
men
86%
you
86%
You
86%
your
86%
everything
82%
gonna
82%
in
82%
mind
82%
of
82%
Of
82%
on
82%
that
82%
That
82%
time
82%
to
82%
when
82%
be
77%
Do
77%
do
77%
drinkin'
77%
ease
77%
grown
77%
man
77%
me
77%
my
77%
out
77%
passin'
77%
'88
73%
and
73%
begging
73%
but
73%
But
73%
closing
73%
cold
73%
Cold
73%
come
73%
Ford?
73%
Ford
73%
his
73%
it
73%
like
73%
man's
73%
nights
73%
off
73%
Pictures
73%
rose
73%
shoulder
73%
stay
73%
sun
73%
'til
73%
wish
73%
with
73%
daddy
68%
didn't,
68%
door
68%
drinking
68%
How
68%
line
68%
love
68%
moment
68%
only
68%
passenger
68%
remind
68%
smile
68%
Strange
68%
were
68%
you're
68%
You're
68%
are
64%
Beach
64%
beach,
64%
beat-down
64%
broke
64%
don't
64%
dryin'
64%
hangin'
64%
hell
64%
is
64%
Labrador
64%
mind's
64%
mouth
64%
sing
64%
tell
64%
whiskey's
64%
words
64%
about
59%
always
59%
basement
59%
blowin'
59%
couch?
59%
cry
59%
eyes
59%
from
59%
hair
59%
mine?
59%
ran
59%
Rotgut
59%
sand
59%
songs
59%
Blame
55%
burns
55%
heat
55%
I'll
55%
swore
55%
towel
55%
two
55%
you'd
55%
at
50%
concrete
50%
feet
50%
her
50%
I'd
50%
ring
50%
summer
50%
mama
45%
meet
45%
never
41%
pawned
41%
rests
41%
singin'
36%
you'll
36%
soles
18%
No,
14%
No matching quizzes found
Score Distribution
Percent of People with Each Score
Percentile by Number Answered
Your Score History
You have not taken this quiz